000 01056nam a2200325Ia 4500
003 OSt
005 20221007122606.0
006 a|||||r|||| 00| 0
007 ta
008 221006b |||||||| |||| 00| 0 eng d
020 _a9780123746399 (hbd)
024 _a114218
037 _b67, 08/11/2010, Dhanraj Book House
_cTextbook
040 _aPAPL
_cPAPL
_beng
041 _2eng
_aeng
082 _aC84, P9 Carpa
100 _aRosa Aldo Vieira Da
_9714630
245 0 _aFundamentals of renewable energy processes
250 _a2
260 _aAmsterdam
_bElsevier
_c2009
300 _axix, 844p.
_ccm.
500 _aIncludes bibliographical references.; Index 829-844p.
650 _a Alternative and renewable energy sources
_9714631
650 _a Environmental engineering
_9710604
650 _a Power
_9648274
650 _a Renewable energy sources
_9714632
650 _aPhysics
942 _hC84, P9 Carpa
_cTB
_2CC
999 _c1210628
_d1210628